01746nam a22002777a 450000500170000000800410001702000180005804000070007604100080008308200140009110000380010524500500014326000320019330000240022536500640024952008290031365000200114265000260116265000270118865000270121570000290124270000340127194200120130599900190131795201320133620260213113121.0260213b |||||||| |||| 00| 0 eng d a9798893632057 cAL aeng a428bBHAT aPreeti Bhargav and others9254687 aText book of English and communication skills aChennaibNotion Pressc2024 a138pbPBc28x21.5cm 2GeneralaXIHG-305964b₹282.00c₹d₹320.00f27-01-2026 a"Unlocking the Power of Words" is your passport to linguistic mastery. This transformative guide navigates the labyrinth of English and communication skills, illuminating grammar's nuances while delving into effective communication strategies. From demystifying punctuation to unraveling the psychology of language use, each chapter empowers readers with practical tips and real-world examples. Whether you'r a student, professional, or simply seeking clarity in expression, this book is your indispensable companion on the journey to articulate thoughts with confidence and finesse. Prepare for a transformative odyssey where every page unlocks new insights, propelling you towards success in personal and professional realms. With "Unlocking the Power of Words," the world of English and communication is yours to conquer. aGrammar9254680 aShort Stories9254681 aLetter Writing9254682 aWriting Skills9254683 aRathod, Heenaben9254684 aThakkar, Akashkumar A9254685 2ddccBK c240895d240895 00102ddc40708GENaSEbSEd2026-01-27eamazon.ing282.00l0o428 BHATpSE000223r2026-02-13 11:24:15v320.00w2026-01-27yBK